000 00296nam a22001337a 4500
008 170425b xxu||||| |||| 00| 0 eng d
020 _a9780030299247
041 _aeng
080 _25 ED
_a54
100 _a12
101 _aSHM
245 _aANLYTICALO CHEMISTRY
_cSKOOG.D.A
942 _2udc
_cBK
999 _c11909
_d11909